|
|
|
|
| LEADER |
00000cam a2200000 c 4500 |
| 001 |
025151347 |
| 003 |
DE-627 |
| 005 |
20260206203901.0 |
| 007 |
tu |
| 008 |
890608s1988 gw ||||| 00| ||ger c |
| 015 |
|
|
|a 89,A11,0132
|2 dnb
|
| 016 |
7 |
|
|a 890383030
|2 DE-101
|
| 020 |
|
|
|a 3150085071
|9 3-15-008507-1
|
| 035 |
|
|
|a (DE-627)025151347
|
| 035 |
|
|
|a (DE-603)000609218
|
| 035 |
|
|
|a (DE-576)016995937
|
| 035 |
|
|
|a (DE-599)GBV025151347
|
| 035 |
|
|
|a (OCoLC)40856753
|
| 035 |
|
|
|a (OCoLC)40856753
|
| 035 |
|
|
|a (OCoLC)263095651
|
| 035 |
|
|
|a (AT-OBV)AC00067229
|
| 035 |
|
|
|a (DE-604)8081128495
|
| 040 |
|
|
|a DE-627
|b ger
|c DE-627
|e rakwb
|
| 041 |
|
|
|a ger
|
| 044 |
|
|
|c XA-DE
|
| 084 |
|
|
|a 10
|2 sdnb
|
| 084 |
|
|
|a 10
|a 16
|a 19
|2 sdnb
|
| 084 |
|
|
|a 3,6
|2 ssgn
|
| 084 |
|
|
|a 1
|2 ssgn
|
| 084 |
|
|
|a MD 4600
|2 rvk
|0 (DE-625)rvk/122514:
|
| 084 |
|
|
|a CC 7800
|2 rvk
|0 (DE-625)rvk/17691:
|
| 084 |
|
|
|a MD 4000
|2 rvk
|0 (DE-625)rvk/122506:
|
| 084 |
|
|
|2 rvk
|0 (DE-625)rvk17691
|
| 084 |
|
|
|a 08.45
|2 bkl
|
| 100 |
1 |
|
|a Höffe, Otfried
|d 1943-
|0 (DE-588)119155052
|0 (DE-627)079950582
|0 (DE-576)161446752
|4 aut
|
| 109 |
|
|
|a Ao te fu li de He fei 1943-
|a Höffe, O. 1943-
|a Hefe, Otfrid 1943-
|a H'iofe, Otfrid 1943-
|a Heffe, Otofurīto 1943-
|a Heffe, Ottofurītu 1943-
|a Oteupeuliteu-Hoepe 1943-
|a Höffe, Ottfried 1943-
|a Höffe, Ottfrid 1943-
|a Cheffe, Otfrid 1943-
|a Hūfa, Utfrīd 1943-
|a Hefe, Otfrīds 1943-
|a Chëffe, Otfrid 1943-
|a Höffe, Otfried 1943-
|a Aotefulide-Hefei 1943-
|a Hefei, Aotefulide 1943-
|a O teu peu li teu Hoe pe 1943-
|a Hoepe, Oteupeuliteu 1943-
|a Hoep'e, Ot'ŭp'ŭrit'ŭ 1943-
|
| 245 |
1 |
4 |
|a Den Staat braucht selbst ein Volk von Teufeln
|b philosophische Versuche zur Rechts- und Staatsethik
|c Otfried Höffe
|
| 264 |
|
1 |
|a Stuttgart
|b Reclam
|c 1988
|
| 300 |
|
|
|a 174 S.
|
| 336 |
|
|
|a Text
|b txt
|2 rdacontent
|
| 337 |
|
|
|a ohne Hilfsmittel zu benutzen
|b n
|2 rdamedia
|
| 338 |
|
|
|a Band
|b nc
|2 rdacarrier
|
| 490 |
0 |
|
|a Universal-Bibliothek
|v 8507
|
| 500 |
|
|
|a Bibliogr. d. Werke von O. Höffe S. [173] - 174
|
| 583 |
1 |
|
|a Archivierung/Langzeitarchivierung gewährleistet
|f PEBW
|x XA-DE-BW
|2 pdager
|5 DE-24
|
| 583 |
1 |
|
|a Archivierung/Langzeitarchivierung gewährleistet
|f SSG
|x XA-DE-BW
|2 pdager
|5 DE-21
|
| 600 |
1 |
7 |
|0 (DE-588)118598678
|0 (DE-627)079391001
|0 (DE-576)209078766
|a Rawls, John
|d 1921-2002
|2 gnd
|
| 650 |
0 |
7 |
|0 (DE-588)4048821-4
|0 (DE-627)104253312
|0 (DE-576)209079398
|a Rechtsphilosophie
|2 gnd
|
| 650 |
0 |
7 |
|0 (DE-588)4020310-4
|0 (DE-627)106318578
|0 (DE-576)208932763
|a Gerechtigkeit
|2 gnd
|
| 650 |
0 |
7 |
|0 (DE-588)4129503-1
|0 (DE-627)104658339
|0 (DE-576)209611030
|a Politische Ethik
|2 gnd
|
| 650 |
0 |
7 |
|0 (DE-588)4177216-7
|0 (DE-627)104657707
|0 (DE-576)209975997
|a Rechtsethik
|2 gnd
|
| 650 |
|
4 |
|a Staatslehre
|
| 650 |
|
4 |
|a Recht
|
| 650 |
|
4 |
|a Philosophie
|
| 650 |
|
4 |
|a Naturrecht
|
| 650 |
|
4 |
|a Ethische Argumentation
|
| 650 |
|
4 |
|a Gerechtigkeit
|
| 650 |
|
4 |
|a Menschenrechte
|
| 650 |
|
4 |
|a Toleranz
|
| 650 |
|
4 |
|a concept of state
|
| 650 |
|
4 |
|a Law
|
| 650 |
|
4 |
|a Philosophy
|
| 650 |
|
4 |
|a Natural Law
|
| 650 |
|
4 |
|a ethical argumentation
|
| 650 |
|
4 |
|a Justice
|
| 650 |
|
4 |
|a Human Rights
|
| 650 |
|
4 |
|a Tolerance
|
| 650 |
|
4 |
|a Naturrecht, Gerechtigkeit, Sozialrecht, Fehlschluss, Pluralismus, Staat, Legitimität, Freiheit, Fortschritt
|
| 655 |
|
7 |
|a Aufsatzsammlung
|0 (DE-588)4143413-4
|0 (DE-627)105605727
|0 (DE-576)209726091
|2 gnd-content
|
| 689 |
0 |
0 |
|d s
|0 (DE-588)4129503-1
|0 (DE-627)104658339
|0 (DE-576)209611030
|a Politische Ethik
|2 gnd
|
| 689 |
0 |
|
|5 DE-101
|
| 689 |
1 |
0 |
|d s
|0 (DE-588)4177216-7
|0 (DE-627)104657707
|0 (DE-576)209975997
|a Rechtsethik
|2 gnd
|
| 689 |
1 |
|
|5 DE-101
|
| 856 |
4 |
2 |
|u http://scans.hebis.de/HEBCGI/show.pl?00060921_toc.pdf
|m V:DE-603;B:DE-17
|q application/pdf
|3 Inhaltsverzeichnis
|7 1
|
| 935 |
|
|
|a mteo
|a GIRA
|
| 935 |
|
|
|i Blocktest
|
| 936 |
r |
v |
|a MD 4600
|b Staat und Individuum; Citizenship
|k Politologie
|k Politische Theorie, Grundbegriffe des Politischen
|k Staatstheorie
|k Staat und Individuum; Citizenship
|0 (DE-627)1271143550
|0 (DE-625)rvk/122514:
|0 (DE-576)201143550
|
| 936 |
r |
v |
|a CC 7800
|b Staatsphilosophie, Politologie
|k Philosophie
|k Systematische Philosophie
|k Rechts-, Gesellschafts- und Staatsphilosophie
|k Staatsphilosophie, Politologie
|0 (DE-627)1270639188
|0 (DE-625)rvk/17691:
|0 (DE-576)200639188
|
| 936 |
r |
v |
|a MD 4000
|b Staat (Theorie, Staatslehre)
|k Politologie
|k Politische Theorie, Grundbegriffe des Politischen
|k Staatstheorie
|k Staat (Theorie, Staatslehre)
|0 (DE-627)1271119358
|0 (DE-625)rvk/122506:
|0 (DE-576)201119358
|
| 936 |
r |
v |
|0 (DE-625)rvk17691
|
| 936 |
b |
k |
|a 08.45
|j Politische Philosophie
|0 (DE-627)10640301X
|
| 936 |
s |
n |
|a c100
|2 mzub
|
| 936 |
s |
n |
|a m100
|2 mzub
|
| 936 |
s |
n |
|a p100
|2 mzub
|
| 951 |
|
|
|a BO
|
| ELC |
|
|
|b 1
|
| LOK |
|
|
|0 000 xxxxxcx a22 zn 4500
|
| LOK |
|
|
|0 001 3313337031
|
| LOK |
|
|
|0 003 DE-627
|
| LOK |
|
|
|0 004 025151347
|
| LOK |
|
|
|0 005 20140716142410
|
| LOK |
|
|
|0 008 140716||||||||||||||||ger|||||||
|
| LOK |
|
|
|0 040
|a DE-21-110
|c DE-627
|d DE-21-110
|
| LOK |
|
|
|0 689
|a s
|a Rechtsethik
|
| LOK |
|
|
|0 852
|z Kein Bestand am IfK; Nachweis für KrimDok
|
| LOK |
|
|
|0 852
|a DE-21-110
|
| LOK |
|
|
|0 852 1
|m v
|9 00
|
| LOK |
|
|
|0 935
|a k110
|
| LOK |
|
|
|0 938
|k v
|
| LOK |
|
|
|0 939
|a 16-07-14
|b l01
|
| ORI |
|
|
|a SA-MARC-krimdoka001.raw
|